• 首页
  • 本馆介绍
  • 公告通知
  • 最新文献
  • 馆藏检索
  • 电子资源
  • 读者导购
  • 参考咨询
  • 我的图书馆
  • 登录
  • 详细信息显示
  • 放入我的书架
  • 预约/预借图书
  • 作者相关作品
  • 分类相关作品
  • 丛书相关作品
  • 出版社相关作品

书目信息

  • 表格格式
  • 工作单格式
  • 卡片格式
题名:
从《大学》看修身之道
    
 
作者: 顾易 著
分册:  
出版信息: 广州   暨南大学出版社  2020
页数: 162页
开本: 22cm
丛书名: 中华经典现代解读丛书
单 册:
中图分类: B222.1-49 , B222.1
科图分类:
主题词: 儒家
电子资源:
ISBN: 978-7-5668-2881-1
000 01131oam2 2200277 450
001 2277910194
005 20221012213845.45
010    @a978-7-5668-2881-1@dCNY32.00
100    @a20200623d2020 em y0chiy50 ea
101 0  @achi
102    @aCN@b440000
105    @ay z 000yy
200 1  @a从《大学》看修身之道@9cong《 da xue》 kan xiu shen zhi dao@f顾易著
210    @a广州@c暨南大学出版社@d2020
215    @a162页@d22cm
225 2  @a中华经典现代解读丛书
300    @a广东省精品出版扶持项目
330    @a《从〈大学〉看修身之道》依循《大学》“三纲领”“八条目”的论述思路,系统阐述了修身的内在意涵、方式方法、进程步骤以及当代意义。作者借用《说文解字》的相关字词解析,注重从“字”的角度引申敷衍,对《大学》所述修身内容作出一番别样解读。同时,紧密结合儒家学说等中国传统文化思想,与之互为补充映照;又不忘联系现实,加入新时代下如何践行修身之法门。而大量事例的引入旁证,又为读者提供了实践之参照。
461  0 @12001 @a中华经典现代解读丛书
605    @a大学@j通俗读物
606 0  @a儒家
690    @aB222.1-49@v5
690    @aB222.1@v4
701  0 @a顾易@9gu yi@4著
801  0 @aCN@b91MARC@c20200714
905    @aZUCC@dB222.1@e26
    
    从《大学》看修身之道/顾易著.-广州:暨南大学出版社,2020
    162页;22cm.-(中华经典现代解读丛书)
    广东省精品出版扶持项目
    
    ISBN 978-7-5668-2881-1:CNY32.00
    《从〈大学〉看修身之道》依循《大学》“三纲领”“八条目”的论述思路,系统阐述了修身的内在意涵、方式方法、进程步骤以及当代意义。作者借用《说文解字》的相关字词解析,注重从“字”的角度引申敷衍,对《大学》所述修身内容作出一番别样解读。同时,紧密结合儒家学说等中国传统文化思想,与之互为补充映照;又不忘联系现实,加入新时代下如何践行修身之法门。而大量事例的引入旁证,又为读者提供了实践之参照。
●
相关链接 在五车中查询图书 在当当中查询图书 在豆瓣中查询图书


正题名:从《大学》看修身之道     索取号:B222.1/26         预约/预借

序号 登录号 条形码 馆藏地/架位号 状态 备注
1 2000907649   2000907649   第三书库/ [索取号:B222.1/26] 在馆    
2 2000907650   2000907650   第三书库/ [索取号:B222.1/26] 在馆    
3 2000907651   2000907651   第三书库/ [索取号:B222.1/26] 在馆    
山东省滨州职业学院图书馆 欢迎您!
大连网信软件有限公司© 版权所有